Higher education in Japan : Its takeoff and crash
University and society in Modern Japan; The intellectual and the changing structure of education in Japan.
Shranjeno v:
| Glavni avtor: | |
|---|---|
| Format: | Knjiga |
| Jezik: | Undetermined |
| Izdano: |
Tokyo
University of Tokyo Press
1971
|
| Teme: | |
| Oznake: |
Označite
Brez oznak, prvi označite!
|
| Thư viện lưu trữ: | Trung tâm Học liệu Trường Đại học Cần Thơ |
|---|
| LEADER | 00703nam a2200217Ia 4500 | ||
|---|---|---|---|
| 001 | CTU_115238 | ||
| 008 | 210402s9999 xx 000 0 und d | ||
| 082 | |a 378.52 | ||
| 082 | |b M624 | ||
| 100 | |a Michio, Nagai | ||
| 245 | 0 | |a Higher education in Japan : | |
| 245 | 0 | |b Its takeoff and crash | |
| 245 | 0 | |c Nagai Michio | |
| 260 | |a Tokyo | ||
| 260 | |b University of Tokyo Press | ||
| 260 | |c 1971 | ||
| 520 | |a University and society in Modern Japan; The intellectual and the changing structure of education in Japan. | ||
| 650 | |a Education, higher,Giáo dục, Cao đẳng | ||
| 650 | |z Japan,Nhật Bản | ||
| 904 | |i Tuyến | ||
| 980 | |a Trung tâm Học liệu Trường Đại học Cần Thơ | ||